Statistics for 50 Marvel Villains by Picture #7

Click here to take the quiz!

General Stats

  • This quiz has been taken 13 times
  • The average score is 17 of 50

Answer Stats

Answer% Correct
Kro
83%
Scream
83%
Riot (Trevor Cole)
75%
Leapfrog (Vincent Patilio)
67%
Steel Serpent (Davos)
58%
Walrus (Hubert Carpenter)
58%
White Rabbit (Lorina Dodson)
50%
Cyclone (Pierre Fresson)
42%
Gladiator (Melvin Potter)
42%
Karnilla
42%
Lady Octopus (Carolyn Trainer)
42%
Monica Rappaccini
42%
Rose (Richard Fisk)
42%
Shriek (Frances Barrison)
42%
Sphinx (Anath-Na Mut)
42%
Big Zero (Amity Hunter)
33%
Changeling (Kevin Sydney)
33%
Krang
33%
Mad Man (Philip Sterns)
33%
Master Man (Wilhelm Lohmer)
33%
Princess Python (Zelda DuBois)
33%
Scorpia (Elaine Coll)
33%
Titus
33%
Yokai (Robert Callaghan)
33%
Brothers Grimm (Percy & Barton Grimes)
25%
Chemistro (Curtis Carr)
25%
Diamondback (Willis Stryker)
25%
Egghead (android)
25%
Enchantress (Sylvie Lushton)
25%
Goom
25%
Living Monolith (Ahmet Abdol)
25%
Llyra Morris
25%
Lorelei
25%
Machinesmith (Samuel Saxon)
25%
Mad Jim Jaspers (James Jaspers)
25%
Overdrive (James Beverley)
25%
Robot Master (Mendel Stromm)
25%
Sublime (John Sublime)
25%
Voice (Jason Cragg)
25%
Warrior Woman (Julia König)
25%
Boogy-Man (Douglas Carmody)
17%
Fantasma
17%
Moses Magnum
17%
Proctor (Dane Whitman)
17%
Queen Maraud
17%
Regent (Augustus Roman)
17%
Sat-Yr-9 (Opul Lun Sat-Yr-Nin)
17%
U-Man (Meranno)
17%
Unuscione (Carmilla Unuscione)
17%
Yandroth
17%

Score Distribution

Percentile by Number Answered

Percent of People with Each Score

Your Score History

You have not taken this quiz